La casa del propósito especial / (Record no. 193989)

MARC details
000 -LEADER
campo de control de longitud fija 02569cam a2200433 i 4500
001 - NÚMERO DE CONTROL
campo de control 193989
003 - IDENTIFICADOR DE NÚMERO DE CONTROL
campo de control SpMaBN
005 - FECHA Y HORA DE LA ÚLTIMA TRANSACCIÓN
campo de control 20250804062658.0
008 - DATOS DE LONGITUD FIJA--INFORMACIÓN GENERAL
campo de control de longitud fija 231207s2010 sp | |||| 000 f spa
015 ## - NÚMERO DE BIBLIOGRAFÍA NACIONAL
Número de bibliografía nacional MON10
017 ## - NÚMERO DE COPYRIGHT O DE DEPÓSITO LEGAL
Número de copyright o de depósito legal NA 2774-2010
Agencia que asigna Oficina Depósito Legal Navarra
020 ## - NÚMERO INTERNACIONAL ESTÁNDAR DEL LIBRO
Número Internacional Estándar del Libro 9788498383003
035 ## - NÚMERO DE CONTROL DEL SISTEMA
Número de control de sistema (OCoLC)796324378
040 ## - FUENTE DE CATALOGACIÓN
Centro catalogador/agencia de origen SpMaBN
Lengua de catalogación spa
Centro/agencia transcriptor SpMaBN
Normas de descripción rdc
080 ## - NÚMERO DE LA CLASIFICACIÓN DECIMAL UNIVERSAL
Número de la Clasificación Decimal Universal 821.111(417)-31"19"
100 ## - ENTRADA PRINCIPAL--NOMBRE DE PERSONA
Nombre de persona Boyne, John,
Fechas asociadas al nombre 1971-
Número de control del registro de autoridad o número normalizado XX1799770
9 (RLIN) 235541
Término indicativo de función/relación Autor
240 14 - TÍTULO UNIFORME
Título uniforme The House of Special Purpose
Lenguaje de la obra Español
245 13 - MENCIÓN DEL TÍTULO
Título La casa del propósito especial /
Mención de responsabilidad, etc. John Boyne ; [traducción, Patricia Antón de Vez]
250 ## - MENCION DE EDICION
Mención de edición 1ª ed. junio 2010
Resto de la mención de edición 3ª ed. octubre 2010
260 ## - PUBLICACIÓN, DISTRIBUCIÓN, ETC.
Lugar de publicación, distribución, etc. Barcelona :
Nombre del editor, distribuidor, etc. Salamandra ;
Fecha de publicación, distribución, etc. 2010
300 ## - DESCRIPCIÓN FÍSICA
Extensión 409 páginas ;
Dimensiones 20 cm
336 ## - TIPO DE CONTENIDO
Fuente rdacontent
Término de tipo de contenido texto
337 ## - TIPO DE MEDIO
Fuente rdamedia
Nombre/término del tipo de medio sin mediación
338 ## - TIPO DE SOPORTE
Fuente rdacarrier
Nombre/término del tipo de soporte volumen
490 1# - MENCIÓN DE SERIE
Mención de serie Letras de bolsillo (Ediciones Salamandra) ;
Designación de volumen o secuencia 89
520 ## - RESUMEN, ETC.
Sumario, etc. Mientras acompaña a su esposa Zoya, que agoniza en un hospital de Londres, Georgi Danilovich Yáchmenev rememora la vida que han compartido durante sesenta y cinco años, una vida marcada por un gran secreto que nunca ha salido a la luz. Los recuerdos se agolpan en una sucesión de imágenes imborrables, a partir de aquel lejano día en que Georgi abandonó su mísero pueblo natal para formar parte de la guardia personal de Alexis Romanov, el único hijo varón del zar Nicolás II. Así, la fastuosa vida en el Palacio de Invierno, las intimidades de la familia imperial, los hechos que precedieron a la revolución bolchevique y, finalmente, la reclusión y posterior ejecución de los Romanov se entremezclan con el durísimo exilio en París y Londres en una hermosa historia de un amor improbable, al mismo tiempo un apasionante relato histórico y una conmovedora tragedia íntima.
594 ## - NOTA AL TITULO Y MENCION DE RESPONSABILIDAD
Nota al título y mención de responsabilidad Título original: The House of Special Purpose
655 #0 - TERMINO DE INDIZACIÓN--GENERO/FORMA
Datos o término principal de género/forma Novelas
9 (RLIN) 234319
700 ## - ENTRADA AGREGADA--NOMBRE PERSONAL
Nombre de persona Antón de Vez, Patricia
Término indicativo de función/relación Traductor
9 (RLIN) 240494
830 #0 - PUNTO DE ACCESO ADICIONAL DE SERIE-TÍTULO UNIFORME
Título uniforme Letras de bolsillo (Ediciones Salamandra) ;
Designación de volumen o secuencia 89
9 (RLIN) 235542
852 ## - LOCALIZACIÓN
Ubicación ES-MaACL
Sublocalización o colección R.155004
Ubicación en estantería Depósito J
Número de control de estantería N-9785
Encuadernación Encuadernación rústica
Donativo/Legado Donación: José Lázaro García
itemnumber 205560
903 ## - NOMBRE PERSONAL DE DONANTE
9 234219
a Lázaro García, José
e Donante
942 ## - ELEMENTOS DE ENTRADA SECUNDARIOS (KOHA)
Tipo de ítem Koha Libro impreso
Suprimir en OPAC No
Holdings
Estatus retirado Estado de pérdida Fuente del sistema de clasificación o colocación Estado de daño No para préstamo Biblioteca de origen Biblioteca actual Ubicación en estantería Fecha de adquisición Fuente de adquisición Total de préstamos Signatura topográfica completa Código de barras Visto por última vez Precio de reemplazo Tipo de ítem Koha
    Clasificación decimal universal     Biblioteca del Ateneo de Madrid Biblioteca del Ateneo de Madrid Depósito J 14/05/2025 Donación   N-9785 101230097 14/05/2025 14/05/2025 Libro impreso